| 000 | 00445nam a22001457a 4500 | ||
|---|---|---|---|
| 020 | _a9783319511887 | ||
| 040 | _cNUST | ||
| 082 |
_a629.23 _bJAR |
||
| 100 |
_aJarmai,Karoly _9127876 |
||
| 245 |
_aVehicle and Automotive Engineering : _bproceedings of thye JK2016,Mislkolc, Hungary / _cKaroly Jarmai |
||
| 260 |
_aHungary , _bSpringer Int, _c2017. |
||
| 300 |
_a500p. ; _bHardbinding, _c23cm. |
||
| 700 |
_aBetti, Bollo _9127877 |
||
| 942 |
_2ddc _cBK |
||
| 999 |
_c612892 _d612892 |
||